[Event "WCPL: Cardiff-Cardigan"]
[Site "?"]
[Date "2015.11.29"]
[Round "2.1"]
[White "Williams, A. Howard"]
[Black "Brown, Thomas"]
[Result "1/2-1/2"]
[WhiteElo "2323"]
[BlackElo "2056"]
[Annotator "Kemenade"]
[PlyCount "43"]
[EventDate "2015.11.29"]
[EventCountry "WLS"]

1. d4 Nf6 2. c4 g6 3. Nc3 d5 4. cxd5 Nxd5 5. e4 Nxc3 6. bxc3 Bg7 7. Bc4 c5 8.
Ne2 O-O (8... Nc6 9. Bb2 (9. Be3 cxd4 10. cxd4 Qa5+ 11. Bd2 Qh5 {
Williams-Wittmann, Thessaloniki ol 1984,1-0}) 9... O-O 10. a3 Qc7 {Wills-Brown,
S Wales International 2012,0-1}) 9. O-O Nc6 10. Be3 Bd7 (10... Qc7) (10... Bg4
{2 main lines}) (10... Na5 11. Bd3 b6 {Williams-E. Rayner, BCF ch Brighton
1977,1/2-1/2}) 11. Rb1 {main} cxd4 (11... Na5 12. Bd3 c4 13. Bc2 {gave Wh a
free hand in the centre, Williams-Leah, Dyfed League 2011,1-0}) 12. cxd4 Rc8
13. Bd3 Na5 14. d5 {played & chosen by Houdini4} b6 (14... Nc4 {played &
Houdini4 choice} 15. Bxa7 e6 (15... b5 16. Bd4 $16 {Meiser-Zimmermann,
Hessenliga 1999,1-0 ( only game)}) 16. Bd4 Bxd4 17. Nxd4 exd5 18. exd5 Qa5 19.
Rxb7 Qxd5 20. Qb3 Qxd4 21. Bxc4 Rxc4 22. Rxd7 Qxd7 23. Qxc4 Rc8 24. Qe4 Re8 25.
Qc2 Ra8 26. Qb2 Qa4 27. Ra1 Qa3 $14 {Komodo9; few humans would trust this}) 15.
Ba6 Ra8 (15... Rc7 16. Bf4 Rc5 17. Qd3 (17. Be3 {repeats, played twice}) 17...
f5 (17... Bc8 18. Rfc1 Rxc1+ 19. Rxc1 Bxa6 20. Qxa6 Qd7 (20... e6 $1 {Komodo9}
21. Bc7 Qd7 22. d6 Be5 23. g3 Rc8 24. Qxa7 Bxd6 25. Bxb6 Rxc1+ 26. Nxc1 Qxa7
27. Bxa7 $16 {Komodo9}) 21. Ng3 $16 {Furman-Dubinin, URS ch sf Gorky 1950,1-0})
18. f3 Bc8 {Llorach Gracia-Sacripanti, Wld Cup Veterans Prelim ICCF 2009,1/2-1/
2}) 16. Qd2 $146 (16. Bd4 $16 e5 17. Be3 (17. Bc3 {Komodo9}) 17... Rb8 18. Qd3
Nb7 19. Qa3 Re8 20. Bd3 Ra8 21. Nc3 $16 {Boksinski(2064)-Gutman(2424),Bad
Harzburg op 2007,0-1}) (16. Qd3 Bc8 17. Rfc1 Bxa6 18. Qxa6 Qd7 19. Qd3 Rac8 20.
Bd4 Bxd4 21. Qxd4 $11 {Phiri (2181)-Wang (2306) Cape Town Chesscube op 2009,0-1
}) (16. Nd4 e6 17. Rc1 exd5 18. exd5 Qf6 19. Qd2 $16 {Komodo9}) 16... e6 17. d6
(17. Nf4 $16) (17. Bg5 $16) (17. Bd4 $16 {all komodo9}) 17... b5 (17... Bc8 18.
Bb5 Bd7 $14 {Komodo9}) 18. Bxb5 (18. Bc5 Rb8 19. Rfd1 Nc4 20. Qb4 Qh4 21. Ng3 (
21. f3 Be5 $11) 21... f5 22. exf5 exf5 23. a4 $16 {Komodo9}) (18. Qb4 Rb8 19.
Rfd1 f5 20. Nf4 $16 {Komodo9}) 18... Bxb5 19. Rxb5 Nc4 $11 20. Qd3 a6 (20...
Nxd6 21. Rc5 Nb7 $11 (21... f5 $11 {Komodo9})) 21. Rbb1 (21. Rb7 $1 Nxe3 (21...
Nxd6 22. Bb6 Nxb7 23. Bxd8 Rfxd8 24. Qe3 $16) 22. fxe3 $16 {Komodo9}) 21...
Nxe3 22. Qxe3 $11 (22. fxe3 Ra7 23. Rfd1 Rd7 24. Qxa6 Qg5 25. Nf4 Rfd8 26. Rb5
Be5 27. Rd3 Qf6 28. Rb6 Bxf4 29. exf4 Qa1+ (29... Qxf4 30. Qc4 Qe5 31. Qd4 Qa5
32. Rd2 e5 $14) 30. Kf2 Qc1 $11 {Komodo9}) 1/2-1/2

[Event "WCPL: Cardiff-Cardigan"]
[Site "?"]
[Date "2015.11.29"]
[Round "2.2"]
[White "Fathallah, Joe"]
[Black "Jones, Iolo C"]
[Result "0-1"]
[WhiteElo "1975"]
[BlackElo "2171"]
[Annotator "Kemenade"]
[PlyCount "92"]
[EventDate "2015.11.29"]
[EventCountry "WLS"]

1. d4 Nf6 2. c4 e6 3. Nc3 Bb4 4. Qc2 {the most popular move in the 1930's;
then falls out of fashion for some 60 years. Now hard on the heels of e3 as
the most frequent move vs Nimzoindian.} O-O 5. Bg5 (5. a3 {main}) 5... h6 (5...
c5 {main}) 6. Bh4 d5 (6... c5) 7. e3 Nbd7 8. cxd5 exd5 9. Bd3 c6 (9... c5 {
more aggresive} 10. dxc5 (10. Nge2) 10... Nxc5 11. Nge2 {Gawain
Jones-Dorrington, 4NCL 2012,1-0}) 10. Nf3 (10. Nge2 {also}) 10... Re8 (10...
Qa5 {next most popular}) 11. O-O Be7 {main} (11... Bd6 12. Rab1 Nf8 {
alternative}) 12. Rab1 (12. Bg3 {quite popular as well, featured in games like
Kortschnoj-Yukhtman URS ch Tibilisi 1956,1-0 & Capablanca- Golombek, Margate
1939, 1-0}) 12... Nf8 {a little passive} (12... Ne4 {main, (expected by Rudy);
Cloud Engines} 13. Bxe7 (13. Bxe4 Bxh4 $14 {Tomashevsky-Mamedyarov, Tal mem
blitz Sochi 2014,0-1}) 13... Qxe7 14. b4 a6 15. a4 Nf8 $14 {Van
Wely-Mamedyarov,Corsica Masters rapid Bastia 2010,1/2-1/2}) (12... a5 13. a3
Ne4 {Karpov-Koneru, Cap d'Agde rapid playoff 2006,1/2-1/2}) 13. b4 (13. Bg3 Bd6
14. b4 {Ribicic-Zoricic, Mediterranean op Rijeka 2010,1/2-1/2}) 13... Ne6 $146
(13... a6 14. Nd2 g5 15. Bg3 Nh5 16. a3 $14 {Maric-Chilingirova, YUG cup
Herceg Novi 1999,1-0}) (13... Bg4 14. Nd2 Rc8 15. Rfc1 N6d7 16. Bxe7 Rxe7 (
16... Qxe7 $14) 17. Nxd5 $16 {Richards-Smith, JAM ch women 2011,1-0}) (13...
Be6 14. b5 c5 15. Bxf6 gxf6 16. dxc5 Bxc5 17. Nd4 $16 {Chuck Schulien-Kosikov,
Crossville Tornado 1988,1-0}) 14. Ne5 $16 (14. h3 $16) (14. Rfd1 $16 {Komodo9})
14... Rf8 (14... Nf8 15. f4 Ng4 16. Bxe7 Qxe7 17. Rf3 Nxe5 18. fxe5 Be6 19. Na4
b6 20. a3 (20. Qxc6 Rac8 21. Qb5 Bd7 22. Qa6 Rc7 $11 {Komodo9}) 20... Rec8 $14
{Komodo9}) 15. f4 $16 a5 {Komodo9} 16. bxa5 $16 (16. b5 c5 17. dxc5 Bxc5 18.
Rbe1 Kh8 19. Na4 $16 {Komodo9}) 16... Rxa5 17. Rf3 (17. Na4 Nd7 18. Bxe7 Qxe7
19. Nb6 Nxe5 20. fxe5 Ra3 21. Rf2 Qd8 22. Bh7+ Kh8 23. Bf5 Rxe3 24. Qd2 Ra3 25.
Qb4 Ra6 26. Nxc8 c5 (26... Qxc8 27. Bxe6 $18 {Komodo9}) 27. Qxb7 Qxc8 28. Qxc8
Rxc8 29. dxc5 Rac6 30. Rb7 $16 {Komodo9}) 17... Nc7 (17... c5 $11 {Komodo9,
counter a side attack by coming through the middle} 18. Nb5 c4 19. Bf5 Nc7 20.
Nc3 Ra3 21. Bxc8 Qxc8 22. Bxf6 Bxf6 23. Rg3 Bxe5 24. fxe5 Rd8 $11 (24... b5 $11
{Komodo9})) 18. g4 $5 {a sac to open the g file} (18. Rg3 Nce8 19. Na4 Nd6 20.
Nb6 Nfe4 $14 {Komodo9}) (18. Ne2 Ng4 19. Be1 Nxe5 20. dxe5 Ra3 21. f5 c5 22. f6
gxf6 23. Bc3 $16 {Komodo9}) 18... Nxg4 $15 19. Bxe7 Qxe7 20. Rg3 Nxe5 21. dxe5
f6 $1 22. exf6 Rxf6 23. Kh1 Ne8 24. Rbg1 Be6 $17 (24... Kh8 25. Nb5 Re6 26. Qc1
Rxa2 27. Nd4 Rf6 $17 {Komodo9}) 25. Ne2 c5 26. Qc3 b6 (26... Qd8) 27. a4 (27.
Qe5 d4 28. Qe4 Kf8 29. Qh7 Qb7+ 30. R1g2 Rxa2 31. Bb5 Bg8 32. Qh8 Rf7 33. Bc4
Ra1+ 34. Ng1 b5 35. Bxf7 Qxf7 $19 {Komodo9}) 27... d4 $1 $19 28. Qc2 dxe3 (
28... Bd5+ 29. e4 Bc6 $19 {Komodo9}) (28... Kh8 29. f5 Bf7 30. Nf4 c4 31. Bxc4
Qb7+ 32. R3g2 Rc5 33. Ne6 Bxe6 34. fxe6 Qc6 $19 {Komodo9}) 29. h3 {by now both
players were headed for timetrouble} (29. Rxe3 Bd5+ (29... Nd6 $19) 30. Be4
Bxe4+ 31. Qxe4 Qxe4+ 32. Rxe4 Nd6 33. Re7 Nf5 34. Re4 Kf7 $19 {Komodo9}) 29...
Bd5+ (29... Kh8 30. Kh2 Bd7 $19 {may be best, Komodo9}) 30. Kh2 Kh8 (30... Bc6
31. Bg6 Rxa4 32. Bxe8 Bxe8 33. Qb3+ Kh8 34. Rxg7 Qxg7 35. Rxg7 Kxg7 36. Qxe3
Bg6 $19 {Komodo9}) 31. Bb5 Bc6 32. Bxc6 Rxc6 $17 33. Nc3 Rd6 34. Ne4 (34. Re1
$1 Qd7 35. Re2 Nf6 36. Rgxe3 c4 $17 (36... Ra8 $17 {Komodo9})) 34... Rd4 $19 (
34... Re6 35. Nc3 (35. Rxe3 Nd6 36. Rge1 Nf5 37. Rc3 Nd4 38. Qg2 Rxa4 $19)
35... c4 36. Ne2 Qb4 $19 {Komodo9}) 35. Rxe3 Qf7 $19 (35... Qf8 36. Rge1 Ra8
37. a5 bxa5 38. Nxc5 Rxf4 $17 (38... Qxf4+ 39. Kh1 Nc7 40. Qg2 Rf8 41. Nd3 Qd6
42. Re7 Qd5 43. R1e4 Ne6 44. R4xe6 Qxg2+ 45. Kxg2 Rxd3 46. Rg6 Rg8 $17 {Komodo9
})) 36. Rge1 $1 Rd8 $1 {Well judged in timetrouble by both players- the casual
person just playing through the game (like Rudy) may wellwonder why Bl can't
just grab the f pawn with a check?} (36... Qxf4+ 37. Kh1 Rxe4 {forced} (37...
Nf6 38. Nxf6 gxf6 39. Re8+ Kg7 40. R1e7#) (37... g6 38. Ng5 $1 Qxg5 39. Rxe8+
Kg7 40. R8e7+ Kh8 41. R7e5 Rd2 42. Qe4 {and Bl must give up a Q to prevent mate
}) 38. Qxe4 Qxe4+ 39. Rxe4 Nf6 40. Rc4 Ra7 41. Re6 Rb7 $11 {Komodo9}) (36...
Ra8 $1 {actually is even stronger than the text according to Komodo9} 37. a5 (
37. Kh1 Rdxa4 $19) 37... Nc7 38. Kh1 (38. axb6 Ra2 $19) 38... Rxa5 39. f5 Ra8
40. Rf3 Nd5 41. f6 Nxf6 42. Nxf6 gxf6 43. Qf5 Rf8 $19 {Komodo9}) 37. Qf2 (37.
Ng3 Nd6 38. f5 c4 39. Rf3 Re8 40. Rb1 Rd5 41. f6 (41. Rxb6 Qc7 42. Rb4 Nxf5 43.
Rxc4 Qd6 $19) 41... gxf6 42. Rxb6 Ne4 43. Nxe4 Qc7+ 44. Nd6 Rxd6 45. Rxd6 Qxd6+
46. Kg2 (46. Kh1 Re1+ 47. Kg2 Qd4 $19) 46... Rg8+ 47. Kh1 Qc5 $19 {Komodo9} (
47... c3 $19 48. Rxc3 (48. Qxc3 Qd1+ {mates}) 48... Qd5+ {mates; Komodo9}))
37... Raa8 (37... Rxa4 $19) 38. Qh4 (38. Nc3 $17) 38... Kg8 (38... Nd6 $19 39.
Ng5 Qd5 40. Ne6 Rd7 41. Qg4 Ne8 $17 {Komodo9}) (38... Nc7 $19 39. R3e2 (39. Ng5
Rd2+ 40. Kg1 Qg6 41. Rg3 Re8 $19) 39... Nd5 40. Ng5 Qxf4+ 41. Qxf4 Nxf4 42.
Nf7+ Kh7 43. Nxd8 Nxe2 44. Rxe2 (44. Nc6 Nc3 45. a5 bxa5 46. Re5 a4 47. Rxc5 a3
48. Rxc3 a2 49. Rc1 a1=Q 50. Rxa1 Rxa1 $19) 44... Rxd8 $19 {Komodo9}) (38...
Qf8 39. a5 (39. Nc3 Rd4 $19) 39... bxa5 40. Rc3 Nf6 $19 {Komodo9}) 39. Rg1 Rd4
40. Qxh6 (40. Rg2 Raxa4 41. Nc3 Ra1 42. Qxh6 Nd6 43. Re5 Qxf4+ 44. Qxf4 Rxf4
45. Nd5 Rff1 46. Nxb6 Rh1+ 47. Kg3 Ra3+ 48. Kf4 Raxh3 49. Nc8 Rh4+ 50. Kf3 Ne4
51. Ne7+ Kf7 52. Nf5 Kf6 53. Nxh4 Kxe5 54. Ng6+ Kd4 $19 {Komodo9}) 40... Raxa4
$19 {time control reached but the position is still quite complex} 41. Nc3 (41.
Nf2 Nd6 42. Re2 Qxf4+ 43. Qxf4 Rxf4 $19) 41... Rd2+ 42. Ne2 Nf6 (42... Nd6 $1
$19 {Komodo9}) 43. Rg2 Ra7 $17 44. Reg3 Nh5 (44... Qf8 45. Rg6 Rf7 46. Qh4 Qd6
47. Qg3 Qd7 48. Qb3 Nd5 $19) 45. Rg6 {a last throw to gain something on the g
file} (45. Re3 Rb7 46. Qg5 $17 {& Bl still has to push for that clear winning
line}) 45... Rxe2 $1 46. Rxg7+ (46. Rxe2 Qxf4+ 47. Qxf4 Nxf4 48. Rgg2 Nxe2 49.
Rxe2 b5 $19) 46... Qxg7 $1 {a very tough battle} 0-1

[Event "WCPL: Cardiff-Cardigan"]
[Site "?"]
[Date "2015.11.29"]
[Round "2.4"]
[White "Thompson, Keith"]
[Black "Haigh, Tony"]
[Result "1-0"]
[WhiteElo "1768"]
[BlackElo "1816"]
[Annotator "Kemenade"]
[PlyCount "121"]
[EventDate "2015.11.29"]
[EventCountry "WLS"]

1. e4 e6 2. d4 d5 3. Nd2 Nf6 4. e5 Nfd7 5. Bd3 c5 6. c3 Nc6 7. Ne2 Be7 (7...
cxd4 8. cxd4 f6 9. exf6 Nxf6 10. Nf3 Bd6 11. O-O Qc7 (11... O-O {main})) 8. O-O
O-O 9. Nf3 cxd4 10. cxd4 f6 11. exf6 Bxf6 (11... Nxf6 {easier, main}) 12. Bc2 (
12. Nf4 $16 {scores 80% for Wh in 18 games}) 12... Re8 {a 'preparatory move'
that leads to trouble} (12... e5 $1 $11 {Cloud Engines} 13. Bb3 Nb6 14. Be3 (
14. dxe5 Nxe5 15. Nxe5 Bxe5 16. f4 Bf6 $11 {Belenskaya (2304)-Kozina (1897)
Moscow op women 2015,1-0}) 14... e4 15. Nd2 Kh8 16. f3 exf3 (16... Bg5 $17 {
Komodo9}) 17. Nxf3 Bg4 $11 {Csolto-Tropp, SVK ch tm 2014,1/2-1/2}) 13. Be3 {a
bit riskier now, but Bl should still be OK} e5 14. Bb3 Ne7 {clogs up the
position} (14... Nb6 {still the best square for this N} 15. dxe5 Nxe5 16. Nf4
$1 (16. Bxb6 Nxf3+ 17. gxf3 axb6 18. Qxd5+ Qxd5 19. Bxd5+ Be6 20. Bxe6+ Rxe6
21. Nc3 Bxc3 22. bxc3 Rf6 23. Kg2 Raf8 $11) 16... Nec4 17. Bxb6 Nxb6 18. Re1
Rxe1+ 19. Qxe1 Kh8 20. Nxd5 Nxd5 21. Rd1 Bg4 22. Qe4 Bxf3 23. Qxf3 Qe7 24. Qxd5
Bxb2 25. Qd7 Qxd7 26. Rxd7 b5 27. g3 $14 {Komodo}) (14... exd4 15. Bxd5+ Kh8
16. Nexd4 Nde5 17. Nxc6 bxc6 18. Nxe5 Qxd5 19. Qxd5 cxd5 20. Bd4 Kg8 (20...
Bxe5 21. Rfe1 Bxh2+ 22. Kxh2 Bd7 23. Rxe8+ Rxe8 (23... Bxe8 24. Rc1 $18) 24.
Bxa7 $16) 21. Nc6 Bxd4 22. Nxd4 $16) 15. Nc3 (15. Rc1 e4 16. Ng5 Bxg5 17. Bxg5
Nb6 18. Nc3 Bf5 19. Nb5 $16 {because the Bl pices are awkwardly placed}) 15...
exd4 16. Nxd5 (16. Bxd4 Bxd4 17. Nxd5 Nxd5 18. Bxd5+ Kh8 19. Qxd4 {even
stronger} Nf6 20. Bf7 Qxd4 21. Nxd4 Re7 22. Bb3 $16) 16... Nxd5 17. Bxd5+ Kh8
18. Bxd4 Nb6 19. Bb3 Bg4 20. Bxf6 Qxf6 21. Qd4 Bxf3 22. Qxf6 gxf6 23. gxf3 {it
looks as if Bl should be fine as Wh's extra pawn is a doubled isolated one} Re7
(23... Re2 24. Rfe1 Rae8 25. Kf1 $16) (23... Nd7 $5) 24. Rfe1 Rae8 (24... Rg7+
25. Kh1 Nd7 26. f4 Nc5 27. Bc2 Rd8 28. Rad1 Rgd7 29. Rxd7 Rxd7 30. b4 Rd2 31.
Bf5 Nd3 32. Bxd3 Rxd3 33. Re7 a5 34. bxa5 Ra3 35. Rf7 (35. Rxb7 Rxa5 36. Kg2
Rxa2 37. Rf7 Ra6 {looks drawn with all the pawns on one side}) 35... Rxa2 36.
Kg2 Rxa5 37. Rxf6 Ra6 38. Rf7 Rg6+ 39. Kf3 Rg7 40. Rf8+ Rg8 41. Rf5 Rb8 42. Rb5
$16 {Komodo9}) 25. Rxe7 Rxe7 26. Rd1 $16 Nd7 27. Rd6 Kg7 28. Kg2 b6 29. Bc4 Ne5
30. Bb5 Rc7 31. f4 Ng6 (31... Nc4 32. Bxc4 Rxc4 33. Rd7+ Kg6 34. Rxa7 Rxf4 35.
Rb7 Rg4+ 36. Kf3 Rb4 37. b3 {gives Wh good chances of getting his Q side pawns
moving before Bl can get anywhere on the K side}) 32. Kg3 Ne7 33. Bd3 Ng6 34.
h4 {Bl is hoping to hold, but Wh has better placed pieces & more space & can
slowly increase the pressure without risk, waiting for a way in} h6 (34... h5 {
suggested by Komodo9but looks as though the pawn should be at risk, though
taking it might divert the Wh pieces a little. However nudging Komodo9 forward
suggests this should indeed prove fatal} 35. Rd5 Kh6 36. Be2 Rc2 37. Bxh5 Rxb2
38. Bg4 Rxa2 39. h5 Ne7 40. Rd6 Ra3+ 41. f3 Ng8 42. Be6 $18 Ne7 43. Rd7 Nc6 44.
Bf5 {with mating net}) 35. Kg4 Ne7 36. h5 Kf7 37. Rd8 Kg7 38. a3 Nc6 39. Rd6
Ne7 40. a4 Kf7 41. Rd8 Kg7 42. b3 Nc6 43. Rd6 Ne7 (43... Na5 44. b4 Nc6 45. b5
Ne7 46. Bf5 Kf7 47. Be6+ (47. Rd7 Rxd7 48. Bxd7 {& there is no entry for the
Wh K& no pawns for the B to attack}) 47... Ke8 48. f5 Rc5 49. Rd7 Rc4+ 50. f4
Rxa4 51. Rb7 Rd4 52. Kf3 Rd3+ 53. Ke4 Rd8 54. Rxa7 Rb8 55. Rc7 Kf8 56. Rd7 Ke8
57. Rd6 {Komodo9 insists this position is won for Wh, but shows no sign of
progress 15 moves down the line & there is no route fot the Wh K to enter if
Bl just shuffles his K back & forward}) 44. Bb5 (44. Bc4 Rb7 45. Rd8 {is
another socalled win claim by Komodo9}) 44... Kf7 45. Bc4+ Kg7 46. Bd3 Kf7 47.
Bc4+ Kg7 48. Re6 Rd7 49. Re3 Rc7 50. Rd3 Kf8 51. Rd8+ Kg7 52. Be6 Rb7 53. f5
Rc7 54. Kf4 {Wh tries another tack, bringing the K towards the Q side} Rb7 55.
Rd6 (55. Ke4) 55... Rc7 56. Ke4 Rb7 (56... Nc6 57. Rd7+ (57. Rd2 Kf8 (57... Na5
58. Rd8 Nb7 59. Rg8+ Kh7 60. Rg6 Nd6+ 61. Kd5 Ne8 62. b4 Rc2 63. Bf7 Rd2+ 64.
Ke4 Rd8 65. Bxe8 Rxe8+ 66. Kd4 Re2 67. Rxf6 Rxf2 68. Rf7+ Kg8 69. Rxa7 Rf4+ 70.
Kc3 Rxf5 71. Rb7 Rxh5 72. Rxb6 {does finally get there, but Komodo9 had to be
nudged into the right direction several times}) 58. Rc2 Ke7 59. Bd5 Kd6 60.
Rxc6+ Rxc6 61. Bxc6 Kxc6 62. Kd4 a6 63. Kc4 a5 64. f3 Kd6 65. Kb5 Kc7 66. b4
axb4 67. Kxb4 Kc6 68. Kc4 Kd6 (68... Kc7 69. Kd5 $18) 69. Kb5 Kc7) 57... Rxd7
58. Bxd7 Nb4 59. Kd4 (59. Bc8 Kf8 60. Kd4 a5 61. Kc4 Ke7 62. Kb5 Kd8 63. Bb7
Kc7 64. Be4 Na2 {& Bl is just in time to hold}) 59... Na6 60. Kc4 Nc7 {no way
in for the K}) 57. Kd4 (57. Rd7 {Komodo9, is a comfortable win as the N can't
get to defend the Q side in time with the B controlling too many of its squares
} Rxd7 58. Bxd7 Kf7 59. Kd4 Kg7 60. Kc4 a6 61. b4 Kh7 62. a5 bxa5 63. bxa5 Kg7
64. Kc5 $18) 57... Rc7 (57... Rb8 58. Rd7 Kf8 59. Kd3 (59. Rxa7 $2 Nc6+ $19)
59... a6 60. Rd6 Kg7 61. b4 Kf8 62. Ke4 Kg7 63. b5 axb5 64. axb5 Kf8 65. f3 (
65. Bd5 Kg7 66. Re6 {is a much faster way of getting to the position reached
at move 74}) 65... Kg7 66. Rd7 Kf8 67. Ra7 Ke8 68. Bd5 Kd8 69. Bc4 Rc8 70. Be6
Rb8 71. Rd7+ Ke8 72. Rd6 Kf8 73. Bd5 Kg7 74. Re6 {and finally another win with
a lot of nudging} Nxd5 75. Kxd5 Rb7 76. Kc6 Rb8 77. Kc7 Ra8 78. Kxb6 {is easy 
(yet still Komodo9 needed that human nudge}) 58. Rd7 Rxd7+ 59. Bxd7 a6 60. a5 (
60. b4) 60... b5 61. Kc5 {and neither Bl K nor N can do anything} 1-0

[Event "WCPL: Cardiff-Cardigan"]
[Site "?"]
[Date "2015.11.29"]
[Round "2.5"]
[White "Van Kemenade, Julie"]
[Black "Sivarajasingam, Shayanna"]
[Result "1-0"]
[WhiteElo "1724"]
[BlackElo "1557"]
[Annotator "Kemenade"]
[PlyCount "51"]
[EventDate "2015.11.29"]
[EventCountry "WLS"]

1. e4 e6 2. d3 d5 3. Qe2 d4 (3... Nf6 {main}) 4. Nf3 (4. f4 {alternative}) 4...
Nf6 5. g3 c5 6. Bg2 Be7 7. O-O O-O 8. Nbd2 Nc6 9. Ne1 (9. e5 Nd5 (9... Nd7 10.
Re1 {Dastan-Gozubuyukoglu, TUR ch Antalya 2013,1-0}) 10. a4 f5 11. exf6 Nxf6
12. Bh3 (12. Nc4 $16 {Komodo9}) 12... e5 13. Bxc8 Qxc8 14. Nxe5 {Perez
Cameselle-Fuster Aguil0, Madrid ch Previa B, 2014,1-0}) 9... e5 10. f4 {Wh is
playing a King's Indian Defence with 2 extra tempi- one because Wh starts &
the other because the e pawn has taken 2 moves to get to e5} Ng4 $6 {e3 is
easily guarded, & Wh gets given another 2 tempi} (10... exf4 $5) 11. Ndf3 Qc7
12. f5 (12. h3 Ne3 13. Bxe3 dxe3 14. Qxe3 exf4 15. gxf4 Be6 {Komodo9,gives Bl
a little bit of play for the pawn}) 12... Nf6 13. h3 Re8 14. g4 b5 15. Nh2 a5 {
Bl follows the normal Q side play,but Wh's K side attack is already far
advanced} 16. g5 Nd7 {(draw?)} 17. Ng4 (17. f6 {considered, is Komodo9's
almost automatic response} Bf8 (17... gxf6 18. Ng4 $16 (18. Qh5 Kh8 19. Ng4 $16
) 18... fxg5 19. Nh6+ Kh8 20. Nxf7+ Kg8 21. Bxg5 Bxg5 22. Qg4 $18) 18. fxg7 (
18. Ng4 g6 19. h4 $11 {Komodo9, bit Wh will be able to open the h file with
advantage}) 18... Bxg7 19. Ng4 Nf8 20. Nh6+ Bxh6 21. gxh6 Nd8 $11 {Komodo9})
17... Qd8 18. Nf3 (18. f6 $16 {Komodo9}) 18... f6 19. h4 (19. g6 {is too early,
Wh needs to prepare to sacrifice on h6}) 19... Ba6 {(draw?)} 20. Qf2 {
rearranging the pieces} (20. g6 c4 (20... h5 21. Nf2 c4 22. Nh2 Qc7 23. Qxh5
Nf8 24. Qd1 $18 {as the advance of the h pawn will open up the K entirely}) 21.
h5 h6 (21... cxd3 22. gxh7+ Kxh7 23. cxd3 Nc5 24. h6 Bf8 25. Nh4 Nb4 26. Nf2
$18 gxh6 27. Qh5 {Komodo9}) 22. Bxh6 gxh6 23. Nxh6+ Kg7 24. Nf7 $18 Rh8 (24...
Qc7 25. h6+ Kf8 (25... Kg8 26. h7+ Kg7 27. Qd2 c3 28. Qh6#) 26. h7 Bc5 27.
h8=Q+ Ke7 28. Qg7 $18 {Komodo9}) 25. Nxd8 $18 {Komodo9}) 20... c4 21. Qg3 {a
danger signal; Bl should move the K from the gaze of the Q} cxd3 (21... Kh8 22.
g6 h5 (22... h6 {with the K on the h file the 'sacrifice' on h6 is even
stronger} 23. Bxh6 $18 (23. Nxh6 $1 gxh6 24. g7+ Kg8 25. Qg6 Bc5 26. Qxh6 Kf7
27. Ng5+ $1 {Komodo9} Ke7 (27... fxg5 28. Qh7 Ke7 (28... Rg8 29. Qg6+ Ke7 30.
Qe6#) 29. Bxg5+ {Komodo9}) 28. g8=Q Rxg8 29. Qh7+ Kd6 30. Nf7+ $18 {Komodo9})
23... gxh6 24. g7+ Kh7 25. Nxh6 Nf8 26. g8=Q+ Kxh6 27. Qh8+ Nh7 28. Qg6# {
Komodo9}) 23. Nf2 Nf8 24. Ne1 a4 25. Qf3 Kg8 26. Qxh5 c3 27. Qe2 $18 {with the
advance of the h pawn}) 22. cxd3 {giving Bl a last chance to avoid immediate
loss} (22. Nh6+ $1 {wins}) 22... b4 {Bl is pleased to have created a target on
the Q side, however} (22... Kh8 {had to be tried} 23. g6 (23. h5 {is an
alternative to breaking open the K side} Nb4 (23... fxg5 24. h6 Rg8 25. Nxg5
Bxg5 26. Bxg5 Qxg5 27. Nxe5 Qf6 28. Nxd7 Qe7 29. Qh3 $16 Qxd7 30. f6 Qc7 31.
fxg7+ $18) 24. h6 Rg8 25. g6 $16 Nxd3 26. gxh7 Kxh7 27. hxg7 Rxg7 28. Nh4 Nxc1
29. Ng6 Rxg6 (29... Ne2+ 30. Kf2 Nxg3 31. Rh1+ Nxh1+ 32. Rxh1+ Kg8 33. Rh8+ Kf7
34. Nh6# {Komodo9}) 30. fxg6+ Kg7 31. Raxc1 $18 {Komodo9}) 23... Bf8 24. gxh7
b4 25. Ne1 Nc5 26. h5 $16 (26. Rf3 $16)) (22... Rf8 23. g6 $16 {etc}) 23. Nh6+
$1 Kf8 {Bl needs to give up the Q to avoid heavier loss} (23... Kh8 $5) 24. g6
$1 hxg6 (24... Bc5 {The K escapes, but further material losses ensue,
including the Q} 25. gxh7 Ke7 26. Qxg7+ Kd6 27. Nf7+ Kc7 28. Nxd8 Raxd8 29. Ng5
$1 fxg5 30. Bxg5 Rb8 31. Rfc1 $1) 25. Qxg6 Bc4 26. dxc4 (26. dxc4 gxh6 27.
Bxh6#) 1-0

[Event "WCPL:Nidum-Cardiff"]
[Site "?"]
[Date "2016.01.03"]
[Round "3.5"]
[White "Sivarajasingam, Venetia"]
[Black "Moore, Robert"]
[Result "0-1"]
[WhiteElo "1556"]
[BlackElo "1813"]
[Annotator "Sinnett,Glyn"]
[PlyCount "110"]
[EventDate "2016.??.??"]

1. e4 c6 2. d4 d5 3. Nc3 dxe4 4. Nxe4 Bf5 5. Ng3 Bg6 6. h4 h6 7. Nf3 Nd7 8. h5
Bh7 9. Bd3 Bxd3 10. Qxd3 Ngf6 11. Bf4 Nd5 12. Bd2 e6 13. O-O-O Qc7 14. Ne2 Bd6
15. c4 Nf4 16. Nxf4 Bxf4 17. Kb1 Bxd2 18. Qxd2 O-O-O 19. Qc3 Rhg8 20. Qa3 Kb8
21. d5 exd5 22. cxd5 cxd5 23. Rxd5 Nb6 24. Rc1 Qxc1+ 25. Kxc1 Rxd5 26. Qb3 Rc8+
27. Kb1 Rxh5 28. a3 Rh1+ 29. Ka2 Rf1 30. Qxf7 Rxf2 31. Qxg7 Rcc2 32. Qe5+ Ka8
33. Qh8+ Nc8 34. Nd4 Rc5 (34... Rxb2+ 35. Ka1 Ra2+ 36. Kb1 Rfb2+ 37. Kc1 a6 38.
Qxc8+ Ka7) 35. Qe8 Rxg2 36. Qf8 Rc7 37. Qd8 Rc1 38. Nf5 Kb8 39. Qh8 Rcc2 40.
Qe5+ Ka8 41. Ne3 Rxb2+ 42. Ka1 Rbe2 43. Qd5 Rg1+ 44. Nd1 Ree1 45. Kb2 Rxd1 46.
Qe6 Rg2+ 47. Kb3 Rc1 48. Qxh6 Rc6 49. Qf8 a6 50. Qd8 Ka7 51. Qd4+ Nb6 52. Qe5
Rg1 53. Qf5 Rg3+ 54. Kb4 Rc4+ 55. Ka5 Rxa3# 0-1